Painter /

A house painter lives next door to an artist. Soon they find out about each other's style of painting.

Bibliographic Details
Other Authors: Pak, Yŏng-gyun (Director)
Format: Video
Language:No linguistic content
Language Notes:This edition silent with musical background.
Published: Honolulu, HI : Asia Pacific Films, 2005.
Series:Asian film online
Subjects:
Online Access:Connect to this streaming video (Alexander Street Press)

MARC

Tag First Indicator Second Indicator Subfields
LEADER 00000cgm a2200000Ma 4500
001 in00005548813
006 m o c
007 cr |na---||a|a
007 vz |zazu|
008 131201s2005 hiu006 g o vuzxx d
005 20241201230835.8
035 |a (OCoLC)ocn865004615 
040 |a ALSTP  |b eng  |e pn  |c ALSTP  |d OCLCO  |d OCLCF  |d OCL  |d OCLCQ  |d OCLCO  |d CUS  |d COO  |d OCLCO  |d OCL  |d OCLCQ  |d YOU  |d OCLCO 
066 |c $1 
035 |a (OCoLC)865004615 
049 |a TXAM 
245 0 0 |a Painter /  |c directed by Park Young-kyun. 
246 1 |6 880-01  |i Original title:  |a Hwa-ga 
257 |a Korea (South)  |2 naf 
260 |a Honolulu, HI :  |b Asia Pacific Films,  |c 2005. 
300 |a 1 online resource (1 video file (6 min.)). 
306 |a 000558 
336 |a two-dimensional moving image  |b tdi  |2 rdacontent 
337 |a computer  |b c  |2 rdamedia 
338 |a online resource  |b cr  |2 rdacarrier 
344 |a digital  |2 rda 
347 |a video file  |2 rda 
380 |a Motion pictures  |2 lcgft 
490 0 |a Asian film online 
500 |a Title from resource description page (viewed Aug. 6, 2013). 
508 |a Produced by the Korea National University of Arts. 
520 |a A house painter lives next door to an artist. Soon they find out about each other's style of painting. 
546 |a This edition silent with musical background. 
650 0 |a Painting  |v Drama. 
650 7 |a Painting.  |2 fast  |0 (OCoLC)fst01050567 
655 7 |a Drama.  |2 fast  |0 (OCoLC)fst01423879 
655 7 |a Short films.  |2 fast  |0 (OCoLC)fst01710364 
655 7 |a Short films.  |2 lcgft 
655 7 |a Courts métrages.  |2 rvmgf 
700 1 |6 880-02  |a Pak, Yŏng-gyun,  |e film director.  |4 drt 
710 2 |6 880-03  |a Han'guk Yesul Chonghap Hakkyo,  |e production company. 
856 4 0 |u http://proxy.library.tamu.edu/login?url=https://www.aspresolver.com/aspresolver.asp?AVN2;2062665  |z Connect to this streaming video (Alexander Street Press)  |t 0 
880 1 |6 246-01/$1  |i Original title:  |a 화가 
880 1 |6 700-02/$1  |a 박영균,  |e film director.  |4 drt 
880 2 |6 710-03/$1  |a 한국 예술 종합 학교,  |e production company. 
955 |a Alexander Street Press subscription streaming video 
994 |a 92  |b TXA 
999 f f |s c00b4ef5-1f9d-4c57-98fa-00435b7b1fd6  |i 37130e74-509b-4568-b82f-3a97549d5f73  |t 0 
952 f f |a Texas A&M University  |b College Station  |c Electronic Resources  |d Available Online  |t 0  |h Library of Congress classification 
998 f f |t 0  |l Available Online